000 00552nam a2200193Ia 4500
005 20250508150411.0
008 008 250505s9999 xx 000 0 eng d
037 _aTextual
040 _aFEDL
_beng
_cFEDL
041 _aeng
_2eng
084 _a155.4, THO
_qFEDL
100 _aThom Douglas A.
_9756600
245 0 _aEveryday problems of the everyday child
260 _aNew York, USA
_bAppleton-Century-Crofts
_c1927
300 _axiii,349p.
650 _aChild Psychology
942 _cTEXL
_h155.4, THO
999 _c1323439
_d1323439